000 00519nam a2200169 4500
001 122373
003 ES-MaACL
005 20230906191950.0
007 t|
008 070214s1982 sp r ||||1| spa d
100 1 _aPrieto Prieto, Alfonso.
_993941
245 1 0 _aInocencio III y el Sacro-Romano Imperio /
_cAlfonso Prieto Prieto.
260 _aLeón :
_bColegio Universitario,
_c1982.
300 _aXXIV, 420 p. ;
_c21 cm.
710 0 0 _aColegio Universitario de León.
_92991
852 _aES-MaACL
_jL-5502
_bR.105456
999 _c122373
_d122373